Personnage par image - Statistiques

Statistiques générales
  • Ce quiz a été pris 90 fois
  • Le résultat moyen est 8 sur 16
Statistiques - réponses
Par images Réponse % Correct
Homer Simpson
92%
Deadpool
91%
Picsou
81%
Donkey Kong
79%
Aquaman
77%
Ça
77%
Kirby
77%
Lucario
51%
Cyborg
45%
Drax
45%
Scorpion
29%
Blade
26%
Geralt De Riv
26%
Agent 47
21%
Jonesy
9%
Liu Kang
4%
Aucun quiz correspondant
Distribution des résultats
% des personnes avec chaque résultat
Percentile par nombre de réponses
Votre historique - résultats
Vous n’avez pas pris ce quiz